000
00260nam a22000977a 4500
999
_c
11672
_d
11672
008
191126b ||||| |||| 00| 0 eng d
020
_a
9781988720067
100
_a
Erlendson Richard
_9
7374
245
_a
Oh, Canada!
260
_a
Canada
_b
Country Lane Publishing
_c
2018